[Event "1st Livingston Chess Congress"]
[Site "Livingston, England"]
[Date "2016.01.30"]
[Round "3.3"]
[White "Lauridsen, Jesper Morch"]
[Black "Walker, Duncan"]
[Result "0-1"]
[WhiteElo "2320"]
[BlackElo "1929"]
[PlyCount "181"]
[EventDate "2016.??.??"]
[WhiteClock "0:00:41"]
[BlackClock "0:03:39"]

1. e4 e6 2. d4 d5 3. e5 c5 4. c3 Nc6 5. Nf3 Bd7 6. Be2 Qc7 7. O-O h5 8. a3 a6
9. b4 c4 10. Ng5 h4 11. g3 Nh6 12. f4 hxg3 13. hxg3 O-O-O 14. Kg2 f6 15. Nf3
Be7 16. Rh1 Rdg8 17. Ra2 Be8 18. Nbd2 g5 19. Nf1 g4 20. Ne1 f5 21. a4 Nb8 22.
Kf2 Nf7 23. Rg1 Nd7 24. b5 a5 25. Ne3 Nb6 26. Bf1 Rh7 27. Bg2 Nh8 28. Kf1 Ng6
29. Qc2 Bd7 30. Qb1 Rgh8 31. Nxg4 Nxf4 32. Bxf4 fxg4 33. Qg6 Kb8 34. Qxg4 Qd8
35. Qd1 Rf7 36. Nf3 Qf8 37. Qc1 Ka7 38. Rh1 Rg8 39. Kg1 Rg4 40. Rh2 Qg7 41. Kh1
Qg6 42. Rh6 Qd3 43. Ne1 Qf5 44. Bh3 Qe4+ 45. Bg2 Qf5 46. Bf3 Rg8 47. Rah2 Rfg7
48. R6h5 Qf7 49. Ra2 Be8 50. Rhh2 Qf5 51. Raf2 Nxa4 52. g4 Qg6 53. Rh6 Qf7 54.
Bd1 Bg5 55. Rhh2 Bxf4 56. Rxf4 Rxg4 57. Bxg4 Qg6 58. b6+ Nxb6 59. Rg2 Rh8+ 60.
Kg1 Qh6 61. Qd2 Qh1+ 62. Kf2 Qh4+ 63. Ke2 Qe7 64. Rf6 Bd7 65. Nc2 Na4 66. Ne3
Nb6 67. Rgf2 Rh7 68. Qb2 Nc8 69. Bf3 Bc6 70. Rg2 Rh4 71. Rg8 Nb6 72. Qb1 Na4
73. Qc2 Qa3 74. Nd1 Rh2+ 75. Bg2 Nb6 76. Qb2 Qa4 77. Rxe6 Nd7 78. Ree8 Nb8 79.
Rxb8 Rxg2+ 80. Rxg2 Kxb8 81. Kd2 Bd7 82. Qb6 Qa2+ 83. Nb2 Qb1 84. Rg8+ Bc8 85.
Qd6+ Ka7 86. Qc5+ b6 87. Rg7+ Bb7 88. Qb5 Qf1 89. Rxb7+ Kxb7 90. Qxd5+ Ka7 91.
Qxc4 0-1

[Event "1st Livingston Chess Congress"]
[Site "Livingston, England"]
[Date "2016.01.30"]
[Round "3.4"]
[White "McLean, Ian"]
[Black "Frew, Elliot"]
[Result "0-1"]
[WhiteElo "1946"]
[BlackElo "2111"]
[PlyCount "42"]
[EventDate "2016.??.??"]
[WhiteClock "0:40:18"]
[BlackClock "0:28:49"]

1. c4 e5 2. g3 Nf6 3. Bg2 d5 4. cxd5 Nxd5 5. Nc3 Nb6 6. Nf3 Nc6 7. d3 Be7 8.
O-O O-O 9. Be3 Be6 10. Rc1 f5 11. a3 f4 12. Bxb6 axb6 13. Nd2 Qd7 14. Nc4 Bh3
15. Nd5 Bc5 16. Nc3 Bxg2 17. Kxg2 Rf5 18. g4 Rg5 19. f3 h5 20. h4 Rxg4+ 21.
fxg4 Qxg4+ 0-1

[Event "1st Livingston Chess Congress"]
[Site "Livingston, England"]
[Date "2016.01.30"]
[Round "3.5"]
[White "Archibong, Ubong S"]
[Black "Abdulla, Murad"]
[Result "1-0"]
[WhiteElo "2026"]
[BlackElo "1977"]
[PlyCount "61"]
[EventDate "2016.??.??"]
[WhiteClock "1:12:05"]
[BlackClock "0:11:09"]

1. e4 c5 2. Nf3 d6 3. d4 cxd4 4. Nxd4 Nf6 5. Nc3 g6 6. Be2 Bg7 7. h4 h5 8. Be3
Nc6 9. f3 Bd7 10. Qd2 Ne5 11. O-O-O Rc8 12. Kb1 Qa5 13. Nb3 Qc7 14. Bd4 a6 15.
f4 Nc4 16. Bxc4 Qxc4 17. e5 dxe5 18. fxe5 Bh6 19. Qe1 Ng4 20. e6 Qxe6 21. Bxh8
f6 22. Qg3 Kf7 23. Rhe1 Qf5 24. Rd5 Ne5 25. Rdxe5 fxe5 26. Bxe5 Qg4 27. Qf2+
Qf5 28. Qe2 Kg8 29. Bd4 Bf8 30. Rf1 Qg4 31. Qe5 1-0

[Event "1st Livingston Chess Congress"]
[Site "Livingston, England"]
[Date "2016.01.30"]
[Round "3.6"]
[White "Wilson, Ewan"]
[Black "Giulian, Rosemary A"]
[Result "1/2-1/2"]
[WhiteElo "1951"]
[BlackElo "1868"]
[PlyCount "101"]
[EventDate "2016.??.??"]
[WhiteClock "0:01:32"]
[BlackClock "0:01:57"]

1. d4 e6 2. Nf3 Nf6 3. c4 Bb4+ 4. Bd2 a5 5. g3 b6 6. Bg2 Bb7 7. O-O Bxd2 8.
Qxd2 O-O 9. Nc3 d6 10. Rfd1 Qe7 11. Rac1 Nbd7 12. Qc2 Rad8 13. e4 Ba6 14. e5
dxe5 15. dxe5 Ng4 16. Qe4 Nh6 17. Nd4 Nc5 18. Qe2 Qg5 19. f4 Qg6 20. Nc6 Rxd1+
21. Rxd1 Qg4 22. Bf3 Qh3 23. a3 a4 24. Ne7+ Kh8 25. Bc6 Ng4 26. Nb5 Bxb5 27.
cxb5 g6 28. Bf3 h5 29. Nc6 Kg7 30. Nb4 Nh6 31. Na6 h4 32. Nxc5 bxc5 33. Qg2 Qf5
34. Be4 Qg4 35. Bf3 Qf5 36. Qe2 Qh3 37. g4 f5 38. g5 Ng4 39. Rd3 c4 40. Rc3 Rd8
41. Bd5 Qxh2+ 42. Qxh2 Nxh2 43. Bxe6 Ng4 44. Bxc4 Rd1+ 45. Bf1 Rb1 46. Rxc7+
Kf8 47. b6 Ne3 48. b7 Rxf1+ 49. Kh2 Rf2+ 50. Kh3 Rf3+ 51. Kh2 1/2-1/2

[Event "1st Livingston Chess Congress"]
[Site "Livingston, England"]
[Date "2016.01.30"]
[Round "3.7"]
[White "Neave, George"]
[Black "Pannwitz, Kai"]
[Result "1-0"]
[WhiteElo "2163"]
[BlackElo "1786"]
[PlyCount "53"]
[EventDate "2016.??.??"]

1. d4 Nf6 2. c4 g6 3. Nc3 d5 4. cxd5 Nxd5 5. e4 Nxc3 6. bxc3 Bg7 7. Nf3 c5 8.
Be3 Qa5 9. Qd2 O-O 10. Rb1 a6 11. Rc1 Rd8 12. d5 Nc6 13. h4 e6 14. h5 exd5 15.
hxg6 fxg6 16. Bh6 Bh8 17. exd5 Re8+ 18. Be2 Ne5 19. Kf1 Bg4 20. d6 Bf6 21. Nxe5
Bxe2+ 22. Qxe2 Bxe5 23. Qc4+ Kh8 24. Qf7 Qb5+ 25. c4 Qb2 26. Re1 Reb8 27. Bc1
1-0

[Event "1st Livingston Chess Congress"]
[Site "Livingston, England"]
[Date "2016.01.30"]
[Round "3.8"]
[White "Moreby, James"]
[Black "Gray, Euan"]
[Result "0-1"]
[WhiteElo "2030"]
[BlackElo "1698"]
[PlyCount "64"]
[EventDate "2016.??.??"]
[WhiteClock "0:08:26"]
[BlackClock "0:07:45"]

1. Nf3 f5 2. d3 Nc6 3. e4 e5 4. d4 exd4 5. Nxd4 Nxd4 6. Qxd4 fxe4 7. Be2 Nf6 8.
Bg5 Be7 9. Nc3 c6 10. Nxe4 O-O 11. Ng3 d5 12. O-O Be6 13. Rae1 Qd7 14. Bd3 Bd6
15. f4 c5 16. Qe3 Rae8 17. Bxf6 Rxf6 18. Nh5 Rff8 19. f5 Bf7 20. Qg5 Bxh5 21.
Qxh5 Rxe1 22. Rxe1 c4 23. Be2 Bc5+ 24. Kh1 Rxf5 25. Qh3 Qe6 26. Rb1 Qe4 27. Bf3
Qxc2 28. Bxd5+ Kh8 29. Ra1 Qxb2 30. Rd1 Qe2 31. Bf3 Qxd1+ 32. Bxd1 Rf1# 0-1

[Event "1st Livingston Chess Congress"]
[Site "Livingston, England"]
[Date "2016.01.30"]
[Round "3.9"]
[White "Bhopal, Raj"]
[Black "McGillivray, Calum"]
[Result "1-0"]
[WhiteElo "2002"]
[BlackElo "1649"]
[PlyCount "41"]
[EventDate "2016.??.??"]

1. e4 c6 2. d4 d5 3. exd5 cxd5 4. c4 e6 5. Nc3 Nf6 6. Nf3 dxc4 7. Bxc4 Qc7 8.
Qe2 Be7 9. Nb5 Qd8 10. Bf4 Na6 11. O-O O-O 12. Rac1 Nd5 13. Bg3 Bd7 14. Nd6 Qb6
15. Bxd5 Bxd6 16. Bxd6 exd5 17. Bxf8 Bb5 18. Qe5 Kxf8 19. Rfe1 Nb4 20. Qe7+ Kg8
21. Qxb4 1-0

[Event "1st Livingston Chess Congress"]
[Site "Livingston, England"]
[Date "2016.01.30"]
[Round "3.11"]
[White "Thomson, Neil"]
[Black "Will, Douglas"]
[Result "1/2-1/2"]
[WhiteElo "1962"]
[BlackElo "1960"]
[PlyCount "111"]
[EventDate "2016.??.??"]

1. e4 e5 2. Nf3 Nc6 3. Bb5 f5 4. d3 fxe4 5. dxe4 Nf6 6. O-O Bc5 7. Qd3 d6 8.
Qc4 Qe7 9. Nc3 a6 10. Bxc6+ bxc6 11. Be3 Rb8 12. Bxc5 dxc5 13. b3 Rb4 14. Qd3
O-O 15. a3 Rb6 16. Na4 Rb5 17. Nd2 Nh5 18. Nc3 Nf4 19. Qe3 Rb8 20. g3 Ne6 21.
Ne2 Nd4 22. Nxd4 cxd4 23. Qd3 Rf6 24. f3 c5 25. Nc4 Bh3 26. Rf2 Rbf8 27. c3 g5
28. cxd4 cxd4 29. Raa2 c5 30. Rac2 h5 31. Nb2 Qf7 32. Qc4 Qxc4 33. Nxc4 Rxf3
34. Nxe5 Rxb3 35. Rxf8+ Kxf8 36. Rxc5 Rxa3 37. Rd5 Ra1+ 38. Kf2 Ra2+ 39. Ke1
Rxh2 40. Rxd4 Rg2 41. Rd3 Ra2 42. Nc6 Bg2 43. Re3 Ra4 44. Kf2 Bxe4 45. Ne5 Kg7
46. Nd7 h4 47. gxh4 gxh4 48. Rh3 Bf5 49. Re3 Bxd7 50. Re7+ Kf6 51. Rxd7 Ra3 52.
Kg2 a5 53. Rh7 Rb3 54. Rxh4 Rb4 55. Rh8 Ke5 56. Rh5+ 1/2-1/2

[Event "1st Livingston Chess Congress"]
[Site "Livingston, England"]
[Date "2016.01.30"]
[Round "3.12"]
[White "Campbell, Duncan A F"]
[Black "Smith, Callum"]
[Result "1-0"]
[WhiteElo "1955"]
[BlackElo "1626"]
[PlyCount "114"]
[EventDate "2016.??.??"]
[WhiteClock "0:16:56"]
[BlackClock "0:11:20"]

1. e4 c6 2. d4 d5 3. e5 Bf5 4. g4 Bd7 5. h3 e6 6. Bd3 c5 7. c3 cxd4 8. cxd4 Nc6
9. Ne2 Nge7 10. Nd2 Nc8 11. Nf3 Be7 12. Bd2 Nb6 13. b3 Rc8 14. Rc1 Ba3 15. Rc3
Bb4 16. Rc2 a6 17. O-O Rc7 18. Qc1 Bxd2 19. Qxd2 O-O 20. g5 Qe7 21. Rcc1 Rfc8
22. Qf4 Nb4 23. Bb1 Bb5 24. Qd2 Bxe2 25. Rxc7 Qxc7 26. Qxe2 Qc3 27. Qe3 Qb2 28.
Qf4 Nxa2 29. Bxa2 Qxa2 30. g6 hxg6 31. Ng5 Rc7 32. Qh4 Qd2 33. Qh7+ Kf8 34. h4
Qf4 35. Qh8+ Ke7 36. Nh3 Qg4+ 37. Kh2 Rc3 38. f3 Rxf3 39. Rxf3 Qxf3 40. Qb8
Qe2+ 41. Kh1 Qe1+ 42. Kh2 Qd2+ 43. Kh1 Qc1+ 44. Kh2 Qc6 45. Ng5 Nd7 46. Qg8
Qc2+ 47. Kh1 Qd1+ 48. Kh2 Qe2+ 49. Kh1 Qe1+ 50. Kg2 Qe2+ 51. Kh1 Qf1+ 52. Kh2
Qf2+ 53. Kh3 Qf5+ 54. Kh2 Qf4+ 55. Kh3 Qf5+ 56. Kh2 Qc2+ 57. Kh1 Qf2 1-0

[Event "1st Livingston Chess Congress"]
[Site "Livingston, England"]
[Date "2016.01.30"]
[Round "3.15"]
[White "Dabos-Doukas, Ioannis"]
[Black "Ridge, Michael"]
[Result "1-0"]
[WhiteElo "1674"]
[BlackElo "1927"]
[PlyCount "143"]
[EventDate "2016.??.??"]
[WhiteClock "0:09:22"]
[BlackClock "0:00:33"]

1. d4 Nf6 2. Nf3 g6 3. Nc3 d5 4. Bf4 Bg7 5. e3 O-O 6. Be2 c5 7. O-O Nc6 8. dxc5
Qa5 9. Nxd5 Nxd5 10. Qxd5 Be6 11. Qd3 Qxc5 12. c3 a6 13. Nd4 Nxd4 14. exd4 Qb6
15. b3 Rac8 16. Rfd1 Rfd8 17. Be3 Bf5 18. Qd2 Qa5 19. c4 Qc7 20. Rac1 Bxd4 21.
Bxd4 e5 22. Qc3 exd4 23. Rxd4 Rxd4 24. Qxd4 Rd8 25. Qc3 Qd6 26. h3 Qd2 27. Qxd2
Rxd2 28. Bf3 b6 29. Rd1 Rxa2 30. Rd8+ Kg7 31. Rb8 b5 32. cxb5 axb5 33. Rxb5 Be6
34. b4 Rb2 35. Rb8 Kf6 36. b5 Ke5 37. b6 Rb1+ 38. Kh2 h5 39. b7 g5 40. Re8 g4
41. b8=Q+ Rxb8 42. Rxb8 gxf3 43. gxf3 Kf4 44. Kg2 h4 45. Rb4+ Kg5 46. Rb5+ Kf4
47. Rh5 f5 48. Rxh4+ Kg5 49. Rh8 f4 50. Kf1 Bd5 51. Ke2 Bc4+ 52. Kd2 Bd5 53.
h4+ Kg6 54. Rf8 Bxf3 55. Rxf4 Ba8 56. Ke3 Kh5 57. Ra4 Bc6 58. Rb4 Bd7 59. f3
Bc6 60. Kf2 Bd7 61. Kg3 Bc6 62. f4 Bd7 63. Rc4 Kg6 64. Rc5 Bf5 65. Rxf5 Kxf5
66. h5 Kf6 67. Kg4 Kf7 68. Kf5 Kg7 69. Ke6 Kf8 70. Kf6 Kg8 71. Ke7 Kg7 72. f5
1-0

[Event "1st Livingston Chess Congress"]
[Site "Livingston, England"]
[Date "2016.01.30"]
[Round "3.13"]
[White "Mayo, Kevin"]
[Black "Koehn, Lennart"]
[Result "0-1"]
[WhiteElo "1964"]
[BlackElo "1905"]
[PlyCount "113"]
[EventDate "2016.??.??"]
[WhiteClock "0:00:37"]
[BlackClock "0:01:37"]

1. Nf3 Nf6 2. g3 c5 3. c4 g6 4. Bg2 Bg7 5. Nc3 Nc6 6. d3 d6 7. Bd2 Bd7 8. Rb1
a6 9. Qc1 Rb8 10. Bh6 O-O 11. Bxg7 Kxg7 12. O-O b5 13. b3 Qa5 14. Qd2 Rfc8 15.
e3 h6 16. Rb2 Rc7 17. Rd1 Qb6 18. e4 Bg4 19. Re1 Bxf3 20. Bxf3 Nd4 21. Bg2 e5
22. f4 b4 23. Nd5 Nxd5 24. exd5 Re8 25. fxe5 Rxe5 26. Rxe5 dxe5 27. Qf2 a5 28.
Qe3 Qd6 29. g4 a4 30. bxa4 Ra7 31. h4 Rxa4 32. g5 hxg5 33. hxg5 Ra8 34. Rf2 Nf5
35. Qd2 Rh8 36. Be4 Nd4 37. Qe3 Rh4 38. Rf6 Qd7 39. Qf2 Qg4+ 40. Bg2 Qxg5 41.
Rxf7+ Kh6 42. d6 Rf4 43. Rxf4 exf4 44. d7 f3 45. d8=Q Qxd8 46. Bxf3 Qg5+ 47.
Bg2 Kh5 48. Kf1 Qc1+ 49. Qe1 Qxe1+ 50. Kxe1 Kg4 51. Kf2 Kf4 52. Bd5 g5 53. Bf7
g4 54. Bd5 g3+ 55. Kg2 Ne2 56. Bc6 Nc3 57. d4 0-1

[Event "1st Livingston Chess Congress"]
[Site "Livingston, England"]
[Date "2016.01.30"]
[Round "3.16"]
[White "McGeoch, Kenny R"]
[Black "Wynarczyk, Raymond"]
[Result "1/2-1/2"]
[WhiteElo "1946"]
[BlackElo "1950"]
[PlyCount "127"]
[EventDate "2016.??.??"]
[WhiteClock "0:56:41"]
[BlackClock "0:14:09"]

1. c4 e6 2. g3 d5 3. Bg2 Nf6 4. Nf3 a6 5. b3 c5 6. O-O Be7 7. Bb2 Nc6 8. e3 O-O
9. d3 Qc7 10. Re1 e5 11. cxd5 Nxd5 12. Nxe5 Nxe5 13. Bxd5 Rd8 14. Nc3 Bg4 15.
f3 Be6 16. e4 Rac8 17. Qe2 Bf6 18. Rad1 b5 19. Bxe6 fxe6 20. f4 Nc6 21. e5 Nd4
22. Qg4 Be7 23. Ne4 Nf5 24. Qe2 c4 25. dxc4 Rxd1 26. Rxd1 bxc4 27. bxc4 Qxc4
28. Qxc4 Rxc4 29. Nd6 Rc2 30. Nxf5 exf5 31. Rb1 Bc5+ 32. Kh1 Kf7 33. a3 Be3 34.
e6+ Kxe6 35. Bxg7 Kd5 36. Rb2 Rxb2 37. Bxb2 Kc4 38. Be5 Bc5 39. a4 Kb4 40. Bc7
Kxa4 41. Kg2 Kb5 42. Kf3 Bb6 43. Bd6 a5 44. g4 fxg4+ 45. Kxg4 Kc6 46. Ba3 Bc5
47. Bb2 Bd6 48. h3 Kd7 49. f5 Ke7 50. Kg5 Kf7 51. h4 a4 52. h5 Bf8 53. Kf4 Bh6+
54. Ke4 Bg7 55. Ba3 Bf6 56. Kd5 Bg5 57. Bb2 Bf6 58. Bc1 h6 59. Kc4 Bg5 60. Bb2
Be7 61. Bc1 Bf8 62. Kb5 a3 63. Bxa3 Bxa3 64. Kc4 1/2-1/2

[Event "1st Livingston Chess Congress"]
[Site "Livingston, England"]
[Date "2016.01.31"]
[Round "4.1"]
[White "Greet, Andrew N"]
[Black "Sanchez, Botella Luis Javier"]
[Result "1-0"]
[WhiteElo "2441"]
[BlackElo "2265"]
[PlyCount "129"]
[EventDate "2016.??.??"]
[WhiteClock "0:03:43"]
[BlackClock "0:12:52"]

1. d4 Nf6 2. c4 e6 3. g3 Bb4+ 4. Bd2 Bxd2+ 5. Qxd2 d5 6. Nf3 O-O 7. Bg2 c6 8.
O-O Nbd7 9. Qc2 b6 10. Nbd2 Bb7 11. e4 dxe4 12. Nxe4 Nxe4 13. Qxe4 Nf6 14. Qe3
Qc7 15. b4 Rfe8 16. Ne5 Nd7 17. c5 bxc5 18. bxc5 Nxe5 19. Qxe5 Qd7 20. Rfd1 Ba6
21. Rac1 Red8 22. Rc3 Rac8 23. h4 Qe7 24. Be4 Bb5 25. Bc2 Qf6 26. Qe4 Qg6 27.
Qxg6 hxg6 28. f4 Be2 29. Rd2 Bg4 30. Ra3 Rd7 31. Kf2 Bf5 32. Ke3 Bxc2 33. Rxc2
Rb7 34. Rcc3 Kf8 35. Ra6 Ke7 36. Rb3 Rxb3+ 37. axb3 Rc7 38. Kd3 Kd7 39. Kc4 Kc8
40. b4 Kb8 41. Ra1 Rd7 42. Rh1 Rd5 43. g4 a6 44. Kd3 Kc7 45. g5 Rd8 46. h5 gxh5
47. Rxh5 g6 48. Rh7 Rf8 49. Ke4 Kd7 50. Ke5 Ke7 51. Rh1 Rb8 52. Ra1 Ra8 53. Ra3
Ra7 54. Ra2 Ra8 55. Ra1 Ra7 56. d5 exd5 57. b5 cxb5 58. Kxd5 Kd7 59. c6+ Kc7
60. Kc5 b4 61. Rd1 b3 62. Rd7+ Kb8 63. Kb6 Kc8 64. Rxa7 b2 65. Ra8# 1-0

[Event "1st Livingston Chess Congress"]
[Site "Livingston, England"]
[Date "2016.01.31"]
[Round "4.2"]
[White "Frew, Elliot"]
[Black "Lauridsen, Jesper Morch"]
[Result "1/2-1/2"]
[WhiteElo "2111"]
[BlackElo "2320"]
[PlyCount "102"]
[EventDate "2016.??.??"]
[WhiteClock "0:13:58"]
[BlackClock "0:02:37"]

1. e4 c5 2. Nf3 e6 3. b3 b6 4. Bb2 Bb7 5. Nc3 a6 6. Qe2 Nc6 7. O-O-O Rc8 8. d4
cxd4 9. Nxd4 Nxd4 10. Rxd4 Bc5 11. Rd3 Qc7 12. g3 Nf6 13. Bg2 O-O 14. f4 d5 15.
exd5 exd5 16. Nxd5 Bxd5 17. Bxd5 Rfe8 18. Qd1 Nxd5 19. Rxd5 Bb4 20. a3 Bc3 21.
Qd3 Bxb2+ 22. Kxb2 Qc6 23. Rd1 b5 24. Rd6 Qc7 25. Rd2 h6 26. g4 a5 27. Qxb5 a4
28. b4 Re3 29. Qc5 Qxc5 30. bxc5 Rxc5 31. R6d4 Rb5+ 32. Ka2 Ra5 33. Rb4 Kh7 34.
Rb7 Kg6 35. Rd6+ Kh7 36. Rxf7 Rc5 37. Rd2 Rcc3 38. f5 Rxa3+ 39. Kb2 Rac3 40.
Ra7 a3+ 41. Ka2 Rf3 42. h4 Rc4 43. Rg2 Rff4 44. g5 hxg5 45. Rxg5 Rxc2+ 46. Kb3
Rb2+ 47. Kxa3 Rh2 48. Raxg7+ Kh8 49. Rg8+ Kh7 50. R5g7+ Kh6 51. Rg3 Kh7 1/2-1/2

[Event "1st Livingston Chess Congress"]
[Site "Livingston, England"]
[Date "2016.01.31"]
[Round "4.3"]
[White "Bhopal, Raj"]
[Black "Archibong, Ubong S"]
[Result "1-0"]
[WhiteElo "2002"]
[BlackElo "2026"]
[PlyCount "67"]
[EventDate "2016.??.??"]
[WhiteClock "0:13:33"]
[BlackClock "1:01:16"]

1. d4 Nf6 2. Nf3 e6 3. Bf4 c5 4. e3 Qb6 5. Nc3 a6 6. Na4 Qa5+ 7. c3 cxd4 8.
exd4 d6 9. b4 Qc7 10. Rc1 b5 11. Nb2 Be7 12. c4 Qb7 13. cxb5 axb5 14. Bxb5+ Bd7
15. Bxd7+ Nbxd7 16. Qb3 e5 17. Be3 Nd5 18. O-O O-O 19. a3 e4 20. Nd2 f5 21. f4
Kh8 22. Nbc4 g5 23. Na5 Rxa5 24. bxa5 Qxb3 25. Nxb3 Nxe3 26. Rc7 Rd8 27. Rfc1
Nd5 28. Rc8 Kg7 29. a6 gxf4 30. a7 N5b6 31. Rxd8 Bxd8 32. Rc8 Bg5 33. Rc7 f3
34. Rxd7+ 1-0

[Event "1st Livingston Chess Congress"]
[Site "Livingston, England"]
[Date "2016.01.31"]
[Round "4.4"]
[White "Orr, Mark J L"]
[Black "Robertson, Ian C"]
[Result "1-0"]
[WhiteElo "2222"]
[BlackElo "2151"]
[PlyCount "61"]
[EventDate "2016.??.??"]
[WhiteClock "0:05:31"]
[BlackClock "0:01:03"]

1. c4 Nf6 2. Nc3 g6 3. e4 e5 4. g3 d6 5. Bg2 Bh6 6. Nge2 Nc6 7. d4 Bxc1 8. Rxc1
O-O 9. O-O Bg4 10. f3 Bd7 11. f4 Nh5 12. Qd2 a6 13. dxe5 dxe5 14. f5 Nf6 15.
Nd5 Be8 16. Rf2 Kg7 17. Rcf1 Ng4 18. f6+ Kh8 19. Rf3 Nd4 20. Nxd4 exd4 21. Bh3
Bd7 22. Bxg4 Bxg4 23. Qh6 Rg8 24. Rf4 Qd7 25. h3 Bh5 26. g4 g5 27. Rf5 Bg6 28.
Rxg5 Bxe4 29. Qg7+ Rxg7 30. fxg7+ Kg8 31. Nf6# 1-0

[Event "1st Livingston Chess Congress"]
[Site "Livingston, England"]
[Date "2016.01.31"]
[Round "4.5"]
[White "Wilson, Ewan"]
[Black "Gray, Euan"]
[Result "0-1"]
[WhiteElo "1951"]
[BlackElo "1698"]
[PlyCount "74"]
[EventDate "2016.??.??"]
[WhiteClock "0:00:54"]
[BlackClock "0:03:00"]

1. d4 f5 2. c4 e6 3. Nc3 Nf6 4. Nf3 Be7 5. Bg5 O-O 6. Qc2 d6 7. h4 a5 8. e4
fxe4 9. Nxe4 Nc6 10. a3 h6 11. O-O-O d5 12. Ng3 Qe8 13. Bd3 a4 14. Qe2 Bd8 15.
Rde1 Bd7 16. Bc2 dxc4 17. Qxc4 Na5 18. Qd3 Bb5 19. Qe3 Bc4 20. Ne5 Bb3 21. Bd3
Bd5 22. f4 Nc6 23. Bxf6 Bxf6 24. Ne4 Be7 25. g4 Nxe5 26. fxe5 Qc6+ 27. Kb1 Qb6
28. Bc2 Ra5 29. Nc5 Rf3 30. Qc1 Rxa3 31. Rhf1 Ra2 32. Be4 Rb5 33. Nd3 Ba3 34.
Bxd5 Bxb2 35. Bxe6+ Qxe6 36. Nxb2 a3 37. Qxc7 Rbxb2+ 0-1

[Event "1st Livingston Chess Congress"]
[Site "Livingston, England"]
[Date "2016.01.31"]
[Round "4.6"]
[White "Abdulla, Murad"]
[Black "Neave, George"]
[Result "1-0"]
[WhiteElo "1977"]
[BlackElo "2163"]
[PlyCount "65"]
[EventDate "2016.??.??"]
[WhiteClock "0:02:44"]
[BlackClock "0:05:39"]

1. d4 Nf6 2. c4 c5 3. d5 e6 4. Nc3 exd5 5. cxd5 d6 6. e4 g6 7. f4 Bg7 8. Bb5+
Nfd7 9. a4 O-O 10. Nf3 Na6 11. O-O Nb4 12. Re1 a6 13. Bf1 Re8 14. Be3 Nf6 15.
Bf2 Bg4 16. Rc1 Rc8 17. h3 Bxf3 18. Qxf3 Nd7 19. Kh1 Bd4 20. Red1 Bxf2 21. Qxf2
Qf6 22. Rd2 c4 23. e5 dxe5 24. Ne4 Qe7 25. d6 Qe6 26. Ng5 Qf5 27. Bxc4 Kg7 28.
Rc3 Rf8 29. Bxf7 Rxc3 30. bxc3 Nd3 31. Qh4 h6 32. Ne6+ Kxf7 33. Qe7+ {Kg7 Qh4+
Kf7 Qe7+} 1-0

[Event "1st Livingston Chess Congress"]
[Site "Livingston, England"]
[Date "2016.01.31"]
[Round "4.7"]
[White "Smith, Callum"]
[Black "Groves, Carey"]
[Result "1/2-1/2"]
[WhiteElo "1626"]
[BlackElo "1982"]
[PlyCount "63"]
[EventDate "2016.??.??"]

1. e4 d6 2. d4 Nf6 3. Nc3 g6 4. Nf3 Bg7 5. h3 O-O 6. Be3 c6 7. a4 Qa5 8. Bd3
Nbd7 9. O-O e5 10. dxe5 dxe5 11. Qd2 Re8 12. Rfd1 Nc5 13. Bxc5 Qxc5 14. Be2 Nh5
15. Qd6 Qxd6 16. Rxd6 Bf8 17. Rdd1 Nf4 18. Bc4 Kg7 19. Ne2 Nxe2+ 20. Bxe2 a5
21. Bc4 Bc5 22. Rd2 Rb8 23. Rad1 Be6 24. Bxe6 Rxe6 25. Rd7 h6 26. Rd8 Rxd8 27.
Rxd8 Rd6 28. Rxd6 Bxd6 29. Nd2 Kf6 30. Nc4 Bc7 31. Kf1 Ke6 32. Ke2 1/2-1/2

[Event "1st Livingston Chess Congress"]
[Site "Livingston, England"]
[Date "2016.01.31"]
[Round "4.8"]
[White "Giulian, Rosemary A"]
[Black "Thomson, Neil"]
[Result "0-1"]
[WhiteElo "1868"]
[BlackElo "1962"]
[PlyCount "54"]
[EventDate "2016.??.??"]
[WhiteClock "0:39:03"]
[BlackClock "0:11:05"]

1. e4 g6 2. d4 Bg7 3. Nc3 d6 4. Be3 a6 5. a4 Nc6 6. Qd2 e5 7. Nge2 Nf6 8. f3
O-O 9. d5 Ne7 10. Bh6 c6 11. dxc6 bxc6 12. Rd1 d5 13. Bxg7 Kxg7 14. exd5 cxd5
15. Ng3 Qb6 16. b3 d4 17. Nce4 Nfd5 18. Bd3 f5 19. Ng5 h6 20. Nh3 Ne3 21. Rc1
N7d5 22. Nf1 Bb7 23. Rg1 Rae8 24. Nf2 Nc3 25. Nh3 Ned5 26. Bc4 e4 27. f4 e3 0-1

[Event "1st Livingston Chess Congress"]
[Site "Livingston, England"]
[Date "2016.01.31"]
[Round "4.9"]
[White "Walker, Duncan"]
[Black "McLean, Ian"]
[Result "1-0"]
[WhiteElo "1929"]
[BlackElo "1946"]
[PlyCount "87"]
[EventDate "2016.??.??"]
[WhiteClock "0:02:47"]
[BlackClock "0:01:04"]

1. c4 g6 2. g3 Bg7 3. Bg2 e5 4. d3 d6 5. Nc3 c5 6. Rb1 Nc6 7. a3 Be6 8. Nf3 h6
9. O-O Qd7 10. Re1 Nge7 11. b4 O-O 12. Bd2 f5 13. b5 Nd8 14. Qc1 f4 15. e3 fxg3
16. fxg3 Bh3 17. Bh1 Qg4 18. Qd1 g5 19. Ne4 Qd7 20. Nf2 Be6 21. Bc3 Ng6 22. e4
Qf7 23. Rf1 Qd7 24. Ne1 g4 25. Ng2 Nf7 26. Ne3 h5 27. Nf5 Bf6 28. h3 Kh7 29.
hxg4 Rh8 30. gxh5 Ne7 31. g4 Rhg8 32. Kh2 Bg5 33. Nh3 Raf8 34. Rb2 Nh6 35.
Nxg5+ Rxg5 36. Nxh6 Rxf1 37. Qxf1 Bxg4 38. Nxg4 Qxg4 39. Rg2 Qxh5+ 40. Kg1 Ng6
41. Bd2 Rxg2+ 42. Bxg2 Qg4 43. Qf3 Qe6 44. Qh3+ 1-0

[Event "1st Livingston Chess Congress"]
[Site "Livingston, England"]
[Date "2016.01.31"]
[Round "4.11"]
[White "Koehn, Lennart"]
[Black "Moreby, James"]
[Result "0-1"]
[WhiteElo "1905"]
[BlackElo "2030"]
[PlyCount "114"]
[EventDate "2016.??.??"]

1. e4 c5 2. Nf3 d6 3. d4 cxd4 4. Nxd4 Nf6 5. Nc3 a6 6. h3 e6 7. g4 b5 8. Bg2
Bb7 9. Be3 Be7 10. g5 Nfd7 11. f4 Nb6 12. Qh5 O-O 13. O-O b4 14. Nce2 Nc4 15.
Bc1 Nc6 16. Kh1 Nxd4 17. Nxd4 Qb6 18. c3 bxc3 19. bxc3 g6 20. Qe2 Rfc8 21. f5
e5 22. fxg6 hxg6 23. Qf2 Rf8 24. Qe2 Rac8 25. Nf3 a5 26. Nh2 Ba6 27. Qe1 Kg7
28. Ng4 Rh8 29. Nh6 Rcf8 30. Qg3 Rh7 31. Rf3 Bc8 32. Ng4 Be6 33. Nf6 Bxf6 34.
gxf6+ Kh8 35. Rf2 Rb8 36. Bg5 Qc6 37. h4 Rb5 38. Re1 Qb7 39. Bh3 Qc8 40. Bxe6
Qxe6 41. Kg2 Rh5 42. Qh3 Qe8 43. Qd3 Qc8 44. Kg3 Qc5 45. Rfe2 a4 46. Rb1 a3 47.
Rxb5 Qxb5 48. Re1 Qc6 49. Rb1 Nb2 50. Qe3 Qc7 51. Rc1 Nc4 52. Qd3 Qc5 53. Qd5
Rxg5+ 54. hxg5 Qe3+ 55. Kh4 Qf2+ 56. Kh3 Ne3 57. Qa8+ Kh7 0-1

[Event "1st Livingston Chess Congress"]
[Site "Livingston, England"]
[Date "2016.01.31"]
[Round "4.12"]
[White "Will, Douglas"]
[Black "James, Chris"]
[Result "1-0"]
[WhiteElo "1960"]
[BlackElo "1855"]
[PlyCount "87"]
[EventDate "2016.??.??"]
[WhiteClock "0:15:40"]
[BlackClock "0:16:37"]

1. e4 e5 2. Nc3 Nc6 3. f4 exf4 4. Nf3 Nf6 5. d3 Bb4 6. a3 Ba5 7. b4 Bb6 8. Nd5
d6 9. Nxb6 axb6 10. b5 Ne7 11. Bxf4 Ng6 12. Bg5 h6 13. Bd2 c5 14. bxc6 bxc6 15.
Be2 O-O 16. O-O Re8 17. Nd4 c5 18. Nf5 Bxf5 19. Rxf5 Re5 20. Qf1 Rxf5 21. Qxf5
Qd7 22. Bxh6 Qxf5 23. exf5 gxh6 24. fxg6 fxg6 25. Bf3 Ra4 26. Bc6 Rf4 27. Rb1
Kf7 28. Rxb6 Ke6 29. Rb1 Ng4 30. g3 Rf6 31. a4 d5 32. a5 Kd6 33. Bb7 Kc7 34.
Bxd5 Ra6 35. Rb7+ Kd6 36. Rb6+ Rxb6 37. axb6 Ne3 38. Be4 Nxc2 39. Kf2 Nb4 40.
Kf3 Nc6 41. Kf4 Ne5 42. b7 g5+ 43. Kf5 Nd7 44. Kg6 1-0